000 00362cam a2200145ua 4500
041 _aeng
_h
082 _a823.308
_bDIC/OL
100 _aDickens, Charles.
245 _aOld curiosity shop /
_cCharles Dickens.
_hTextual Documents
260 _aLondon :
_bJ M Dent and Sons Ltd ,
_c1959.
300 _a545 ; .
504 _a
942 _cBK
999 _c6898
_d6898